عرض عادي
عرض مارك
- Ellis, Nick,
مدخل إسم شخص
001 - رقم الضبط
- حقل الضبط: 6900
003 - معرف رقم الضبط
- حقل الضبط: OSt
005 - تاريخ ووقت أخر عملية
- حقل الضبط: 20111203144615.0
008 - عناصر بيانات ثابتة الطول
- حقل تحكم ثابت الطول: 111203|||a|||||| | ||| d
040 ## - مصدر الفهرسة
- هيئة الفهرسة الأصلية: OSt
- وكالة الكتابة: OSt
100 ## - مدخل -- أسم شخص
- إسم شخص: Ellis, Nick,
- تواريخ مرتبطة بالاسم: 1960-
670 ## - بيانات المصدر موجوده
- الاستشهاد بالمصدر: Work cat.: (OSt)20253: Ellis, Nick, 1960-, Business-to-business marketing :, 2011.
